000 00986nam a2200313 4500
003 EG-GICUC
005 20260413200936.0
008 260413s1957 fr ||||fr|||| 00| 0 fre d
040 _aEG-GiCUC
_bfre
_cEG-GiCUC
_dEG-GiCUC
_eRda
041 _afre
082 0 4 _221
_a343.85
_bLE . S
092 0 4 _221
099 _aLaw1 10 343.85 LE . S 1957
100 1 _aLevasseur,Georges
_eAuteur
245 1 0 _aSociologie criminelle et défense sociale /
_cPar Georges Levasseur.
264 _aParis :
_bLibrairie Sirey,
_c1957.
300 _a318 pages ;
_c25 cm.
336 _2rda contenu
_a texte
337 _2rda medias
_aOrdinateur
338 _2 transporteur rda
_a Ressource en ligne
546 _aTexte en français
650 1 _aDroit pénal
650 1 _aAutres sciences auxiliaires au droit pénal
653 _aSociologie criminelle
653 _adéfense sociale
856 4 0 _uhttps://fll.law.cu.edu.eg/fulltext/bks/B10-09219.pdf
905 _a43
942 _2ddc
_n0
_cBK
_e21
999 _c70695
_d70695